000 00356nam a22001697a 4500
003 UA-OsUOA
001 5936
007 ta
008 20050721b un ||||| |||| 00| 0 ukr d
100 _aMcDowell
700 _aBart
942 _cBK
040 _aUA-OsUOA
_cUA-OsUOA
_dUA-OsUOA
245 _aGypsies Wanderers of the World.
955 _a2
650 7 _2UDC
999 _c292098
_d292098